00570nam a2200181 a 450000100100000000500170001000800410002704000250006808200170009310000250011024500550013526000360019030000210022649000180024750000320026550400730029783000180037000004185320201002035807.0131018s1969 sp 000 0 spa d aDO-SdBNPbspacBNPHU axxxxxbxxxxx1 aShakespeare, William13aLa vida del rey Enrique V. /cWilliam Shakespeare. aMadrid :bEspasa -Calpe,c1969. a216 p. ;c18 cm.1 aAustralv1419 aIncluye índice de autores aIncluye referencias bibliográficas y notas al pie de las páginas 0aAustraln1419